Lecciones de Derecho Civil Chileno Tomo III De la teora̕ de las obligaciones

Detalles Bibliográficos
Autor principal: Barcia Lehmann, Rodrigo
Formato: eBook
Lenguaje:español
Publicado: [Chile] : Editorial jurd̕ica de Chile, 2010.
Materias:
Acceso en línea:Acceso restringido. Tomo III

MARC

LEADER 00000nam a22000007a 4500
005 2011100306026.0
008 111003s2010 cl |||||s|||| 00||0 spa d
020 |a 978-956-10-1836-5  
035 |a 5817 
040 |a vLex 
090 |c 2592  |d 2592 
100 1 |a Barcia Lehmann, Rodrigo 
245 1 0 |a Lecciones de Derecho Civil Chileno  |h [Recurso electrn̤ico] /  |c Rodrigo Barcia Lehmann  |n Tomo III  |p De la teora̕ de las obligaciones 
256 |a Servicio en ln̕ea. 
260 |a [Chile] :  |b Editorial jurd̕ica de Chile,  |c 2010. 
300 |a 1 recurso electrn̤ico 
506 1 |a Contenido solo disponible en los productos indicados  |d vLex Global  |d vLex Global (Academic Edition, excluding Law Schools)  |d vLex Global (U.S. Academic Edition, Law Schools)  |d vLex Global (U.S. Academic Edition, excluding Law Schools)  |d vLex Global (Academic Edition, Law Schools) 
650 0 4 |a Derecho civil  |z Chile 
740 0 |a vLex Libros (Servicio en ln̕ea) 
856 4 0 |u http://vlex.com/source/lecciones-derecho-civil-chileno-tomo-iii-teoria-obligaciones-5817  |z Acceso restringido. Tomo III 
942 |c BOOK